000 00305nam a2200109Ia 4500
005 20251222141913.0
008 251222s9999||||xx |||||||||||||| ||spa||
082 _a338.985/A82C/Ej.2
245 0 _aConstruyamos Juntos el Futuro de Comas
264 _bComité Ejecutivo de Planificación de Comas
942 _cLIB
999 _c8468
_d8468